000 00256nam a2200109Ia 4500
008 220714s9999 xx 000 0 und d
020 _a079 9313637
082 _aJNF 793.74 VAN
100 _aP J VAN WYK
_9171292
245 0 _aSYFERSPELETJIES
942 _cBK
_w561
_xJohn Tresidder
_y561
_zJohn Tresidder
999 _c727540
_d727539